The Night Does Not Belong To God | Sleep Token Lyrics - Statistics

General Stats
  • This quiz has been taken 5 times
  • The average score is 183 of 185
Answer Stats
Answer % Correct
again
100%
And
100%
angels
100%
at
100%
be
100%
bestowed
100%
black
100%
by
100%
comes
100%
daylight
100%
divine
100%
divine)
100%
down
100%
endlessly
100%
endlessly)
100%
everything
100%
eyes
100%
eyes)
100%
for
100%
give
100%
heaven
100%
I
100%
In
100%
in
100%
(in
100%
know
100%
last
100%
light
100%
light)
100%
like
100%
Like
100%
live,
100%
lovers
100%
low
100%
me
100%
mine
100%
night
100%
night,
100%
not
100%
of
100%
once
100%
Only
100%
recedes
100%
remember
100%
side
100%
So
100%
Sun
100%
sunrise
100%
tangle
100%
The
100%
the
100%
(the
100%
'til
100%
time
100%
(turn
100%
turning
100%
We
100%
(we
100%
When
100%
whites
100%
will
100%
With
100%
you
100%
You
100%
your
100%
entwined
67%
order
67%
Turns
67%
now,
33%
No matching quizzes found
Score Distribution
Percent of People with Each Score
Percentile by Number Answered
Your Score History
You have not taken this quiz